| 000 | 00621nam a22002057a 4500 | ||
|---|---|---|---|
| 942 | _cBK | ||
| 999 |
_c586 _d586 |
||
| 005 | 20250420134817.0 | ||
| 008 | 200810b ||||| |||| 00| 0 eng d | ||
| 020 | _a9780470095102 | ||
| 040 | _cKCST | ||
| 082 |
_a681.2 _bKa Pr |
||
| 100 |
_aKarl, Holgar _94994 |
||
| 245 |
_aProtocols and architectures for wireless sensor networks / _cHolger Karl; Andreas Willig |
||
| 260 |
_aChichester, West Sussex, England : _bJohn Wiley & Sons, Ltd. _c2007. _c©2005 |
||
| 300 | _a497 p. | ||
| 650 |
_aSensor networks. _94995 |
||
| 650 |
_aWireless LANs. _94996 |
||
| 700 |
_aWilling, Andreas _94997 |
||
| 942 | _2ddc | ||